NUOVA ANTOLOGIA. 16 MARZO 1920. (Record n. 329639)

Dettagli MARC
000 -LEADER
fixed length control field 01802nas a2200277Ia 4500
001 - CONTROL NUMBER
control field R050-S1047
003 - CONTROL NUMBER IDENTIFIER
control field IT-CnALBA
008 - FIXED-LENGTH DATA ELEMENTS--GENERAL INFORMATION
fixed length control field 170116c99999999xx |||||||||||| ||und||
040 ## - CATALOGING SOURCE
Original cataloging agency IT-CnALBA
Transcribing agency IT-CnALBA
041 ## - LANGUAGE CODE
Language code of text/sound track or separate title ITALIANO
999 ## - SYSTEM CONTROL NUMBERS (KOHA)
Koha Dewey Subclass [OBSOLETE] SI
100 ## - MAIN ENTRY--PERSONAL NAME
Personal name LORIA ACHILLE
210 ## - ABBREVIATED TITLE
Abbreviated title NUOVA ANTOLOGIA
222 ## - KEY TITLE
Key title NUOVA ANTOLOGIA
245 #0 - TITLE STATEMENT
Title NUOVA ANTOLOGIA. 16 MARZO 1920.
Remainder of title RIVISTA DI LETTERE SCIENZE ARTI
250 ## - EDITION STATEMENT
Edition statement 1a ed.
260 ## - PUBLICATION, DISTRIBUTION, ETC. (IMPRINT)
Place of publication, distribution, etc. ROMA
Name of publisher, distributor, etc. LA NUOVA ANTOLOGIA, SOC. PER AZ.
Date of publication, distribution, etc. 1920 [1° Ed.:1920 - Ed.Ling.Originale: 1920]
300 ## - PHYSICAL DESCRIPTION
Extent 112 p.
310 ## - CURRENT PUBLICATION FREQUENCY
Current publication frequency QUINDICINALE
362 ## - DATES OF PUBLICATION AND/OR SEQUENTIAL DESIGNATION
Dates of publication and/or sequential designation Fascicolo: 1152 / Anno: 55 (1920)
500 ## - GENERAL NOTE
General note CRISI D'EUROPA. GLI ACCUSATORI DELLA DEMOCRAZIA. UN NEMICO DI CRISTO. CONTRO CORRENTE, ROMANZO, FERRARIS M. DAI CANTI GIOVANILI AL TESTAMENTO DI V. LOCCHI, GALIMBERTI A. GIANNINA MILLI E FRANCESCA ALEXANDER, BERNABEI F. ALBORI RISORGIMENTO PIEMONTE 1821, FERROGLIO G. L'INTESA E IL GOVERNO DEI SOVIET, VLADIMIR. LA CRITICA E L'ARTE DI LEONARDO DA VINCI, VENTURI L. PITTALUGA M. IL RINCARO DELLA VITA E CONTROLLO DEI PREZZI. TRA LIBRI E RIVISTE. NOTIZIE E PUBBLICAZIONI RECENTI.
501 ## - WITH NOTE
With note Società San Paolo EM - Piazza San Paolo, 14 - 12051 ALBA (CN) (non commercial uses only) ® Copyright 2017
520 ## - SUMMARY, ETC.
Summary, etc. CRISI D'EUROPA. GLI ACCUSATORI DELLA DEMOCRAZIA. UN NEMICO DI CRISTO. CONTRO CORRENTE, ROMANZO, FERRARIS M. DAI CANTI GIOVANILI AL TESTAMENTO DI V. LOCCHI, GALIMBERTI A. GIANNINA MILLI E FRANCESCA ALEXANDER, BERNABEI F. ALBORI RISORGIMENTO PIEMONTE 1821, FERROGLIO G. L'INTESA E IL GOVERNO DEI SOVIET, VLADIMIR. LA CRITICA E L'ARTE DI LEONARDO DA VINCI, VENTURI L. PITTALUGA M. IL RINCARO DELLA VITA E CONTROLLO DEI PREZZI. TRA LIBRI E RIVISTE. NOTIZIE E PUBBLICAZIONI RECENTI.
650 ## - SUBJECT ADDED ENTRY--TOPICAL TERM
Topical term or geographic name as entry element PERIODICI
942 ## - ADDED ENTRY ELEMENTS (KOHA)
Koha item type RIVISTA
957 ## -
-- 1
999 ## - SYSTEM CONTROL NUMBERS (KOHA)
-- 1
Dati di copia
Withdrawn status Lost status Damaged status Not for loan Home library Current library Date acquired Total Checkouts Full call number Date last seen Price effective from Koha item type Public note
    Buone Condizioni Not For Loan ALBA - Biblioteca ALBA - Biblioteca 16/01/2017   R050-S1047 16/01/2017 16/01/2017 RIVISTA (data import: 16 gennaio 2017) - By Epidotti, Vaglietti.
CREDITS: SOCIETA' SAN PAOLO Via A.Severo, 58 - ROMA (RM) & PERIODICI SAN PAOLO SRL Via Giotto, 36 MILANO & CISF Via Giotto, 36 MILANO & EDIZIONI SAN PAOLO SRL,  Piazza Soncino, 5 CINISELLO BALSAMO (MI) -- ITALY